Productivity and efficiency evaluation of US mutual funds
Skúmanie výkonnosti amerických podielových fondov prostredníctvom neparametrickej metódy (Data envelopment analysis). Tornqvist productivity index.
Gespeichert in:
| 1. Verfasser: | |
|---|---|
| Weitere Verfasser: | |
| Format: | Buchkapitel |
| Sprache: | Englisch |
| Schlagworte: | |
| Tags: |
Keine Tags, Fügen Sie das erste Tag hinzu!
|
MARC
| LEADER | 00000naa a2200000 4500 | ||
|---|---|---|---|
| 001 | 0192023 | ||
| 005 | 20231010120721.3 | ||
| 041 | 0 | |a eng | |
| 044 | |a CZ | ||
| 245 | 1 | 0 | |a Productivity and efficiency evaluation of US mutual funds |c Mohammad Reza Tavakoli Baghdadabad, Afsaneh Noori Houshyar |
| 520 | |a Skúmanie výkonnosti amerických podielových fondov prostredníctvom neparametrickej metódy (Data envelopment analysis). Tornqvist productivity index. | ||
| 610 | 2 | 0 | |a trh finančný |
| 610 | 2 | 0 | |a fondy podielové |
| 610 | 2 | 0 | |a USA |
| 610 | 2 | 0 | |a produktivita |
| 610 | 2 | 0 | |a efektívnosť |
| 100 | 1 | |a Tavakoli Baghdadabad, Mohammad Reza | |
| 700 | 1 | |a Noori Houshyar, Afsaneh | |